LEADER 01225nam a2200277 i 4500 001 000000171962 003 CaOOAMICUS 005 20080527000000.0 008 080527s1966 it u000 u ita u 013 $a149397 040 $aSeMil$bita 100 1 $aPajardi, Piero,$d<1926-1994>.$0(OLS)http://semarc/name/4096 245 13$aLa separazione personale dei coniugi :$bnella giurisprudenza /$cPiero Pajardi. 260 $aPadova :$bCEDAM,$ccopyr. 1966. 300 $aXI, 358 p. ;$c25 cm. 490 0 $aRaccolta sistematica di giurisprudenza commentata ;$v4 500 $aFondo Card. Giovanni Colombo. 650 4$aMatrimonio - Diritto - Italia.$0(OLS)http://semarc/subject/13057 650 4$aSeparazione coniugale - Giurisprudenza.$0(OLS)http://semarc/subject/32740 830 0$aRaccolta sistematica di giurisprudenza commentata ;$v4.$0(OLS)http://semarc/title/25370 850 $aSeMil 852 $aSeMil$W1$xVenegono$y1$m3L V 99$j122826$B122826$CSeMilBibl$Z2$F138442 $81 941 1 $a3 961 $aLascito: Colombo Card. Giovanni 996 $6245$aLa separazione personale dei coniugi :$bnella giurisprudenza$9(OLS)http://semarc/title/246144 996 $6260$aPadova :$bCEDAM$9(OLS)http://semarc/publisher/30274 LEADER 01242nam a2200253 4500 001 000000349155 003 CaOOAMICUS 005 20220119121626.0 008 220119s2018 it 000 u ita r 020 $a978-88-250-4398-3 040 $aSeMil$bita 100 1 $aMerlo, Luca.$0(OLS)http://semarc/name/49877 245 13$aLa Chiesa si realizza in un luogo :$bl'itinerario ecclesiologico di Hervé Legrand /$cLuca Merlo. 264 1$aPadova :$bMessaggero :$bFacoltà Teologica del Triveneto,$c2018. 300 $a115 p. ;$c24 cm 490 1 $aSophia. Epist?me. Studi e ricerche ;$v20 650 4$aHervé, Legrand <1935- > - Pensiero ecclesiologico.$0(OLS)http://semarc/subject/51534 830 0$aSophia. Epist?me. Studi e ricerche ;$v20.$0(OLS)http://semarc/title/33794 850 $aSeMil 852 $aSeMil$W1$xVenegono$y1$m2D IV 372$j231396$B240225$CSeMilBibl$Z2$F240225 $81 996 $6020$a978-88-250-4398-3$9(OLS)http://semarc/number/295085 996 $6245$aLa Chiesa si realizza in un luogo :$bl'itinerario ecclesiologico di Hervé Legrand$9(OLS)http://semarc/title/438689 996 $6264$aPadova :$bMessaggero :$bFacoltà Teologica del Triveneto$9(OLS)http://semarc/publisher/60147